[Event "GBR-ch73"]
[Site "Southampton"]
[Date "1986.08.08"]
[Round "11"]
[White "Norwood, David"]
[Black "Barber, Haydn J"]
[Result "0-1"]
[WhiteElo "2415"]
[BlackElo "2320"]
[PlyCount "72"]
[EventDate "1986.07.28"]
[EventType "swiss"]
[EventRounds "11"]
[EventCountry "GBR"]
[SourceTitle "BritBase"]
[Source "John Saunders"]
[SourceDate "2020.09.07"]
[SourceVersion "1"]
[SourceVersionDate "2020.09.07"]
[SourceQuality "2"]

1. g3 f5 2. Bg2 Nf6 3. d3 e5 4. c4 d6 5. Nc3 Be7 6. e3 O-O 7. Nge2 c6 8. f4
Nbd7 9. O-O Qe8 10. b4 e4 11. dxe4 Nxe4 12. Bxe4 fxe4 13. Nxe4 Nf6 14. Nf2 Ng4
15. Nd4 Nxf2 16. Rxf2 Bf6 17. Rb1 h5 18. Qd3 Bxd4 19. Qxd4 Bf5 20. Bb2 Qg6 21.
Rd1 Rad8 22. Qxa7 h4 23. Qxb7 hxg3 24. Rg2 Rd7 25. Qb6 gxh2+ 26. Kf2 Bg4 27.
Rh1 Qe4 28. Rxg4 Qxh1 29. Qd4 Rff7 30. Rg2 c5 31. Qe4 Kf8 32. b5 Rde7 33. Qf3
g5 34. Qh3 Rxf4+ 35. Ke2 Qf1+ 36. Kd2 h1=Q 0-1

[Event "GBR-ch73"]
[Site "Southampton"]
[Date "1986.08.08"]
[Round "11"]
[White "Prasad, Devaki"]
[Black "Martin, Andrew D"]
[Result "1/2-1/2"]
[WhiteElo "2410"]
[BlackElo "2370"]
[PlyCount "52"]
[EventDate "1986.07.28"]
[EventType "swiss"]
[EventRounds "11"]
[EventCountry "GBR"]
[SourceTitle "BritBase"]
[Source "John Saunders"]
[SourceDate "2020.09.07"]
[SourceVersion "1"]
[SourceVersionDate "2020.09.07"]
[SourceQuality "2"]

1. e4 c5 2. Nf3 d6 3. d4 cxd4 4. Nxd4 Nf6 5. Nc3 e6 6. g4 Nc6 7. g5 Nd7 8. Be3
Nb6 9. h4 d5 10. Bb5 Bd7 11. exd5 exd5 12. Qe2 Be7 13. O-O-O O-O 14. f4 Re8 15.
Qf2 Rc8 16. f5 Ne5 17. Bf4 Bb4 18. Bxd7 Qxd7 19. Nce2 Nbc4 20. Qg3 Qa4 21. Kb1
Nxb2 22. Kxb2 Nc4+ 23. Ka1 Na3 24. Qb3 Nxc2+ 25. Nxc2 Qxb3 26. axb3 Rxc2
1/2-1/2

[Event "GBR-ch73"]
[Site "Southampton"]
[Date "1986.08.08"]
[Round "11"]
[White "Quillan, Gary"]
[Black "Dunnington, Angus J"]
[Result "1/2-1/2"]
[WhiteElo "2010"]
[BlackElo "2280"]
[PlyCount "24"]
[EventDate "1986.07.28"]
[EventType "swiss"]
[EventRounds "11"]
[EventCountry "GBR"]
[SourceTitle "BritBase"]
[Source "John Saunders"]
[SourceDate "2020.09.07"]
[SourceVersion "1"]
[SourceVersionDate "2020.09.07"]
[SourceQuality "2"]

1. e4 d5 2. exd5 Nf6 3. c4 c6 4. Nc3 cxd5 5. d4 Nc6 6. Nf3 g6 7. cxd5 Nxd5 8.
Bc4 Nxc3 9. Qb3 Nd5 10. Bxd5 e6 11. Bxc6+ bxc6 12. O-O Qd5 1/2-1/2

[Event "GBR-ch73"]
[Site "Southampton"]
[Date "1986.08.08"]
[Round "11"]
[White "Rahman, Ziaur"]
[Black "Varley, Peter"]
[Result "1-0"]
[WhiteElo "2305"]
[BlackElo "2210"]
[PlyCount "35"]
[EventDate "1986.07.28"]
[EventType "swiss"]
[EventRounds "11"]
[EventCountry "GBR"]
[SourceTitle "BritBase"]
[Source "John Saunders"]
[SourceDate "2020.09.07"]
[SourceVersion "1"]
[SourceVersionDate "2020.09.07"]
[SourceQuality "2"]

1. e4 e5 2. Nf3 Nc6 3. d4 exd4 4. Bc4 Bc5 5. c3 Nf6 6. cxd4 Bb4+ 7. Bd2 Bxd2+
8. Nbxd2 d5 9. exd5 Nxd5 10. Qb3 Nce7 11. O-O O-O 12. Rfe1 c6 13. Qa3 Be6 14.
Ne4 h6 15. Nc5 Bf5 16. Re5 Re8 17. Rae1 Kf8 18. Rxf5 1-0

[Event "GBR-ch73"]
[Site "Southampton"]
[Date "1986.08.08"]
[Round "11"]
[White "Roe, Simon J"]
[Black "Crawley, Gavin"]
[Result "1/2-1/2"]
[WhiteElo "2230"]
[BlackElo "2345"]
[PlyCount "86"]
[EventDate "1986.07.28"]
[EventType "swiss"]
[EventRounds "11"]
[EventCountry "GBR"]
[SourceTitle "BritBase"]
[Source "John Saunders"]
[SourceDate "2020.09.07"]
[SourceVersion "1"]
[SourceVersionDate "2020.09.07"]
[SourceQuality "2"]

1. Nf3 Nf6 2. c4 c5 3. g3 Nc6 4. Bg2 e5 5. Nc3 g6 6. d3 Bg7 7. O-O O-O 8. Ne1
d6 9. Nc2 Be6 10. Ne3 Qd7 11. Rb1 Nh5 12. Ned5 Bh3 13. b4 Bxg2 14. Kxg2 cxb4
15. Nxb4 f5 16. Nbd5 f4 17. Ne4 Nd4 18. f3 fxg3 19. hxg3 Nf6 20. Nexf6+ Bxf6
21. Be3 Bg7 22. Rh1 Nc6 23. Qb3 Rf7 24. Rh2 Re8 25. Qb5 a6 26. Qa4 Qe6 27. Rb6
h5 28. Bg5 Ref8 29. Qa3 Kh7 30. g4 Kg8 31. Rh4 e4 32. dxe4 Bd4 33. Rb1 Ne5 34.
Rbh1 Nxg4 35. Qd3 Bf2 36. Rxg4 hxg4 37. Kxf2 gxf3 38. exf3 Qe5 39. Ne7+ Rxe7
40. Bxe7 Qxe7 41. Qd5+ Rf7 42. Qd4 Qe5 43. Qxe5 dxe5 1/2-1/2

[Event "GBR-ch73"]
[Site "Southampton"]
[Date "1986.08.08"]
[Round "11"]
[White "Smith, Alan A"]
[Black "Teichmann, Erik OMC"]
[Result "1-0"]
[WhiteElo "2280"]
[BlackElo "2310"]
[PlyCount "77"]
[EventDate "1986.07.28"]
[EventType "swiss"]
[EventRounds "11"]
[EventCountry "GBR"]
[SourceTitle "BritBase"]
[Source "John Saunders"]
[SourceDate "2020.09.07"]
[SourceVersion "1"]
[SourceVersionDate "2020.09.07"]
[SourceQuality "2"]

1. d4 Nc6 2. Nf3 d6 3. d5 Ne5 4. Nxe5 dxe5 5. e4 e6 6. Nc3 exd5 7. exd5 Nf6 8.
Be2 Bb4 9. Bc4 O-O 10. O-O Bf5 11. Ne2 Be4 12. Bg5 h6 13. Bxf6 Qxf6 14. Ng3 Bg6
15. Bd3 Rad8 16. Bxg6 Qxg6 17. c3 Bc5 18. Qb3 Qb6 19. Rad1 f5 20. Qc2 Qf6 21.
b4 Bd6 22. f3 g6 23. Ne2 Rf7 24. a3 a5 25. Qb3 axb4 26. axb4 Rfd7 27. c4 Bf8
28. Rd3 Kh7 29. Rfd1 Ra8 30. c5 b6 31. d6 cxd6 32. c6 Rda7 33. Nc3 d5 34. Qxd5
Bxb4 35. Nb5 Rf7 36. c7 Rc8 37. Qd8 Rf8 38. Qxf6 Bc5+ 39. Kh1 {time} 1-0

[Event "GBR-ch73"]
[Site "Southampton"]
[Date "1986.08.08"]
[Round "11"]
[White "Ward, Christopher"]
[Black "Watts, David"]
[Result "1/2-1/2"]
[WhiteElo "2315"]
[BlackElo "2210"]
[PlyCount "115"]
[EventDate "1986.07.28"]
[EventType "swiss"]
[EventRounds "11"]
[EventCountry "GBR"]
[SourceTitle "BritBase"]
[Source "John Saunders"]
[SourceDate "2020.09.07"]
[SourceVersion "1"]
[SourceVersionDate "2020.09.07"]
[SourceQuality "2"]

1. e4 c5 2. Nf3 Nc6 3. d4 cxd4 4. Nxd4 Nf6 5. Nc3 e5 6. Ndb5 d6 7. a4 a6 8. Na3
h6 9. Nc4 Nxe4 10. Nxe4 d5 11. Nc3 dxc4 12. Qxd8+ Nxd8 13. Nd5 Bd6 14. Bxc4 Bf5
15. c3 Rc8 16. Ba2 Bd3 17. Be3 b5 18. axb5 axb5 19. Kd2 e4 20. Nb6 Rb8 21. Bd5
Ne6 22. Bxe6 fxe6 23. Ra7 Rd8 24. Rha1 O-O 25. Bd4 Bf4+ 26. Ke1 e5 27. Bc5 Rf5
28. Ra8 Rxa8 29. Rxa8+ Kh7 30. Ra1 Bxh2 31. Nd5 Bg3 32. Ra7 Bh4 33. g3 Bg5 34.
Ne3 Rf6 35. Rd7 Ra6 36. Ra7 Rxa7 37. Bxa7 Kg6 38. Bb8 Kf6 39. Ng4+ Ke6 40. Nxe5
Bc2 41. Nc6 Bd3 42. Nb4 Bb1 43. Ba7 Bc1 44. b3 Ba3 45. Nc6 Bd3 46. Nd4+ Kf6 47.
Bb6 Bd6 48. Bd8+ Kf7 49. Kd2 g6 50. Ke3 Ke8 51. Bf6 Kf7 52. Bd8 Ba3 53. Kd2 Bc5
54. Ke3 Bd6 55. Bb6 Be5 56. Bd8 g5 57. f4 gxf4+ 58. gxf4 1/2-1/2

[Event "GBR-ch73"]
[Site "Southampton"]
[Date "1986.08.08"]
[Round "11"]
[White "Yeo, Michael J"]
[Black "Ravikumar, Vaidyanathan"]
[Result "1/2-1/2"]
[WhiteElo "2240"]
[BlackElo "2345"]
[PlyCount "24"]
[EventDate "1986.07.28"]
[EventType "swiss"]
[EventRounds "11"]
[EventCountry "GBR"]
[SourceTitle "BritBase"]
[Source "John Saunders"]
[SourceDate "2020.09.07"]
[SourceVersion "1"]
[SourceVersionDate "2020.09.07"]
[SourceQuality "2"]

1. e4 c6 2. d4 d5 3. exd5 cxd5 4. Bd3 Nc6 5. c3 Nf6 6. Bf4 g6 7. h3 Bf5 8. Nf3
Bxd3 9. Qxd3 Bg7 10. O-O O-O 11. Nbd2 e6 12. Ne5 Nxe5 1/2-1/2

[Event "GBR-ch73 play-off"]
[Site "London"]
[Date "1986.12.12"]
[Round "2"]
[White "Mestel, A Jonathan"]
[Black "Chandler, Murray G"]
[Result "0-1"]
[WhiteElo "2505"]
[BlackElo "2565"]
[PlyCount "68"]
[EventDate "1986.12.11"]
[EventType "tourn"]
[EventCountry "GBR"]
[SourceTitle "BritBase"]
[Source "John Saunders"]
[SourceDate "2020.09.07"]
[SourceVersion "1"]
[SourceVersionDate "2020.09.07"]
[SourceQuality "2"]

1. e4 c5 2. Nf3 d6 3. d4 cxd4 4. Nxd4 Nf6 5. Nc3 a6 6. Be3 e6 7. Be2 Qc7 8. a4
b6 9. O-O Bb7 10. f3 Nbd7 11. Qe1 Be7 12. Qg3 O-O 13. Kh1 Rfe8 14. Rfd1 Rac8
15. Nb3 Bf8 16. Bd4 Nh5 17. Qh4 g6 18. Bf1 Be7 19. Qf2 Qd8 20. Nd2 d5 21. exd5
exd5 22. Nb3 Bd6 23. Re1 Qg5 24. Rxe8+ Rxe8 25. Re1 Rxe1 26. Qxe1 Nf8 27. Ne2
Ne6 28. Bg1 Bc6 29. Nbd4 Bxa4 30. Nxe6 fxe6 31. Nc3 Bd7 32. Bxa6 Kf7 33. Bb5
Bc8 34. Bf1 Ng3+ 0-1

[Event "GBR-ch73 play-off"]
[Site "London"]
[Date "1986.12.15"]
[Round "5"]
[White "Chandler, Murray G"]
[Black "Mestel, A Jonathan"]
[Result "1-0"]
[WhiteElo "2565"]
[BlackElo "2505"]
[PlyCount "71"]
[EventDate "1986.12.11"]
[EventType "tourn"]
[EventCountry "GBR"]
[SourceTitle "BritBase"]
[Source "John Saunders"]
[SourceDate "2020.09.07"]
[SourceVersion "1"]
[SourceVersionDate "2020.09.07"]
[SourceQuality "2"]

1. e4 c5 2. Nf3 d6 3. d4 cxd4 4. Nxd4 Nf6 5. Nc3 g6 6. Be3 Bg7 7. f3 O-O 8. Qd2
Nc6 9. Bc4 Bd7 10. O-O-O Ne5 11. Bb3 Rc8 12. h4 h5 13. Bg5 Rc5 14. Kb1 b5 15.
g4 hxg4 16. h5 Nxh5 17. Nd5 Re8 18. Rxh5 gxh5 19. Qh2 Rxd5 20. Bxd5 Qb6 21.
Qxh5 e6 22. Bb3 Qc5 23. Bh6 Bf6 24. f4 Ng6 25. Nf5 Bc6 26. Qxg4 d5 27. Ng3 Qe3
28. e5 Bxe5 29. fxe5 Qxh6 30. Nh5 Rc8 31. c3 Qe3 32. Bc2 Kf8 33. Bxg6 fxg6 34.
Rf1+ Ke7 35. Qb4+ Kd8 36. Qd6+ 1-0